| 000 | 00807nam a22002055i 4500 | ||
|---|---|---|---|
| 001 | 48699 | ||
| 003 | ES-MaACL | ||
| 005 | 20250218063122.0 | ||
| 007 | t| | ||
| 008 | 941011s1894 sp ||||1| spa d | ||
| 040 |
_aGA _bspa |
||
| 100 | 0 |
_aDíaz de Rábago, Joaquín _944248 |
|
| 245 | 1 | 4 |
_aLas cajas rurales de préstamos _b: sistemas Raifféisen / _cpor D. Joaquín Díaz de Rábago. |
| 260 |
_aMadrid : _bLibrería de Fernando Fé ; _aSantiago : _bLibrería de Josefa Escribano, _c1894 ( _eSantiago : _fImprenta de José M. Paredes) |
||
| 300 |
_a58 p. ; _c27 cm. |
||
| 594 | _aPrecede al tít.: Crédito Agrícola. | ||
| 650 | 4 |
_aCrédito agrícola- _zEspaña. _9135837 |
|
| 852 |
_aES-MaACL _jT-822-F-10 _z.- Enc. en un vol. facticio conservando la enc. original |
||
| 999 |
_c48699 _d48699 |
||